[Event "European Blitz 2022"]
[Site "Katowice POL"]
[Date "2022.12.16"]
[Round "5.24"]
[White "Bartel, Mateusz"]
[Black "Karas, Marek"]
[Result "1-0"]
[WhiteTitle "GM"]
[BlackTitle "FM"]
[WhiteElo "2627"]
[BlackElo "2240"]
[WhiteFideId "1112635"]
[BlackFideId "14928558"]
[EventDate "2022.12.16"]

1. e4 e6 2. d4 d5 3. Nc3 Nf6 4. Bg5 Be7 5. e5 Nfd7 6. Bxe7 Qxe7 7. Qd2 a6 8. Nd1
c5 9. c3 Nc6 10. f4 O-O 11. Nf3 f6 12. Nf2 b5 13. Bd3 b4 14. O-O Nb6 15. Qe2
fxe5 16. fxe5 bxc3 17. bxc3 cxd4 18. cxd4 Nb4 19. h4 Nxd3 20. Qxd3 h6 21. Ng4
Bd7 22. Qg6 Kh8 23. Ng5 hxg5 24. Qh5+ Kg8 25. hxg5 Rxf1+ 26. Rxf1 Rf8 27. g6
Rxf1+ 28. Kxf1 Qb4 29. Nf6+ gxf6 30. Qh7+ 1-0

[Event "European Blitz 2022"]
[Site "Katowice POL"]
[Date "2022.12.16"]
[Round "5.25"]
[White "Przybylski, Wojciech"]
[Black "Vogel, Roven"]
[Result "0-1"]
[WhiteTitle "FM"]
[BlackTitle "IM"]
[WhiteElo "2321"]
[BlackElo "2463"]
[WhiteFideId "1117599"]
[BlackFideId "12908088"]
[EventDate "2022.12.16"]

1. e4 e5 2. Nf3 Nc6 3. Bb5 a6 4. Ba4 Nf6 5. O-O Be7 6. Re1 b5 7. Bb3 O-O 8. d4
Nxd4 9. Nxd4 exd4 10. e5 Ne8 11. Qxd4 c5 12. Qe4 Ra7 13. c4 Bb7 14. Qg4 bxc4 15.
Bxc4 d5 16. exd6 Nxd6 17. Bf1 Nb5 18. Nc3 Nd4 19. Bf4 Bc8 20. Qg3 Bh4 21. Qd3
Bf5 22. Qd2 Nc2 23. Rad1 Qxd2 24. Bxd2 Nxe1 25. Rxe1 Bf6 26. Nd5 Bd8 27. Be3 Rd7
28. Nc3 Bf6 29. Bxa6 Bd4 30. Bc4 Rb8 31. Na4 Bxe3 32. fxe3 Rd2 33. Rf1 Be6 34.
Bxe6 fxe6 35. Nxc5 Rbxb2 36. Rf3 Rb1+ 37. Rf1 Rbb2 38. Rf3 Rxg2+ 39. Kf1 Rxh2
40. Kg1 Rhc2 41. Nxe6 Rb1+ 42. Rf1 Rxf1+ 43. Kxf1 Rxa2 44. Ng5 h5 45. Nf3 Kf7
46. e4 Kf6 47. Kg1 g5 48. Kf1 g4 49. Nh4 Ke5 50. Kg1 Kxe4 51. Ng6 Kf5 52. Nh4+
Kg5 53. Ng2 h4 54. Ne3 h3 55. Nd5 g3 0-1

[Event "European Blitz 2022"]
[Site "Katowice POL"]
[Date "2022.12.16"]
[Round "5.26"]
[White "Laurusas, Tomas"]
[Black "Brilej, Jaka"]
[Result "1-0"]
[WhiteTitle "GM"]
[BlackTitle "FM"]
[WhiteElo "2567"]
[BlackElo "2336"]
[WhiteFideId "12803731"]
[BlackFideId "14618818"]
[EventDate "2022.12.16"]

1. c4 c6 2. d4 d5 3. Nc3 Nf6 4. e3 e6 5. b3 Bb4 6. Bb2 Ne4 7. Ne2 f5 8. a3 Bd6
9. Nf4 O-O 10. Be2 Qf6 11. Nd3 Bd7 12. Qc2 Be8 13. O-O-O b5 14. cxd5 cxd5 15.
Nc5 Nxf2 16. Bxb5 Nxh1 17. Rxh1 Nc6 18. Kb1 Rb8 19. Be2 Qe7 20. b4 Bg6 21. Bd3
Bxc5 22. dxc5 Ne5 23. Ka1 Nxd3 24. Qxd3 f4 25. Qd2 fxe3 26. Qxe3 Rbd8 27. Nb5
Be4 28. Rc1 a5 29. bxa5 Ra8 30. Nd4 Rfc8 31. Nb3 Qb7 32. Qc3 Rc7 33. c6 Qa6 34.
Qe5 Rac8 35. Nd4 Re8 36. Qxc7 Qd3 37. Nxe6 1-0

[Event "European Blitz 2022"]
[Site "Katowice POL"]
[Date "2022.12.16"]
[Round "5.27"]
[White "Vardanyan, Aras"]
[Black "Azarov, Sergei"]
[Result "1/2-1/2"]
[WhiteTitle "CM"]
[BlackTitle "GM"]
[WhiteElo "2271"]
[BlackElo "2562"]
[WhiteFideId "12808792"]
[BlackFideId "13501470"]
[EventDate "2022.12.16"]

1. e4 e5 2. Nf3 Nc6 3. Bc4 Bc5 4. c3 Nf6 5. d4 exd4 6. e5 d5 7. Bb5 Ne4 8. cxd4
Bb6 9. Nc3 O-O 10. h3 f5 11. exf6 Rxf6 12. Be3 Bf5 13. O-O Qd6 14. Bxc6 Qxc6 15.
Rc1 Qe6 16. Ne5 Bxh3 17. Nxe4 dxe4 18. gxh3 Qxh3 19. Qb3+ Kh8 20. Nf7+ Rxf7 21.
Qxf7 Qg4+ 22. Kh2 Qh4+ 23. Kg2 Qg4+ 24. Kh2 1/2-1/2

[Event "European Blitz 2022"]
[Site "Katowice POL"]
[Date "2022.12.16"]
[Round "5.28"]
[White "Keinanen, Toivo"]
[Black "Zawadzka, Jolanta"]
[Result "1-0"]
[WhiteTitle "IM"]
[BlackTitle "WGM"]
[WhiteElo "2508"]
[BlackElo "2386"]
[WhiteFideId "509825"]
[BlackFideId "1122320"]
[EventDate "2022.12.16"]

1. d4 d5 2. Nf3 Nf6 3. e3 Bg4 4. h3 Bxf3 5. Qxf3 Nbd7 6. c4 e6 7. Bd3 Be7 8. Nc3
c6 9. O-O O-O 10. Rd1 Qc7 11. b3 Rad8 12. Bb2 h6 13. Rac1 Qa5 14. a3 Rfe8 15. b4
Qc7 16. cxd5 exd5 17. Nxd5 Nxd5 18. Qxd5 Nc5 19. Qf5 g6 20. Qf3 Na4 21. Ba1 a5
22. d5 axb4 23. axb4 Bxb4 24. dxc6 bxc6 25. Qf6 1-0

[Event "European Blitz 2022"]
[Site "Katowice POL"]
[Date "2022.12.16"]
[Round "5.29"]
[White "Rudzinska, Michalina"]
[Black "Pultinevicius, Paulius"]
[Result "0-1"]
[WhiteTitle "WFM"]
[BlackTitle "GM"]
[WhiteElo "2256"]
[BlackElo "2561"]
[WhiteFideId "1172883"]
[BlackFideId "12809390"]
[EventDate "2022.12.16"]

1. e4 c6 2. Nf3 d5 3. Nc3 Bg4 4. h3 Bxf3 5. Qxf3 e6 6. Be2 Nd7 7. d4 Ngf6 8. e5
Ng8 9. Be3 Ne7 10. O-O c5 11. Nb5 Nf5 12. c3 a6 13. Na3 cxd4 14. cxd4 Bxa3 15.
bxa3 O-O 16. Bd3 Nxe3 17. fxe3 f5 18. exf6 Nxf6 19. Rac1 Qe7 20. Bb1 Rac8 21.
Qg3 Rxc1 22. Rxc1 Qxa3 23. Rc7 Ne8 24. Rxb7 Qc1+ 25. Kh2 Rf1 26. Qe5 Rh1+ 27.
Kg3 Qe1+ 28. Kg4 Qe2+ 29. Kg3 Qe1+ 30. Kg4 Qe2+ 31. Kg3 Qe1+ 32. Kg4 Qe2+ 33.
Kg3 Qe1+ 34. Kg4 Nf6+ 35. Kg5 Ne4+ 36. Bxe4 Qxe3+ 37. Qf4 h6+ 38. Kg4 Qxe4 39.
Qxe4 dxe4 40. Kf4 Ra1 41. Kxe4 Rxa2 42. g4 Re2+ 43. Kf4 g5+ 44. Kf3 Rh2 45. Kg3
Rd2 46. Rb6 Rd3+ 47. Kg2 Kf7 48. Rxa6 Rxd4 49. Ra7+ Kf6 50. Rh7 Kg6 51. Rh8 Kg7
52. Re8 Rd6 53. Kf3 Ra6 54. Kg3 Kf7 55. Rh8 e5 56. Rh7+ Kg6 57. Re7 Ra3+ 58. Kg2
Ra5 59. Re6+ Kg7 60. Re8 Ra2+ 61. Kg3 Ra3+ 62. Kg2 Re3 63. Re7+ Kf6 64. Re8 e4
65. Ra8 Re2+ 66. Kg3 Re3+ 67. Kg2 Ke5 68. Ra5+ Kd4 69. Ra4+ Kc5 70. Ra5+ Kc4 71.
Ra4+ Kb5 72. Rd4 Kc5 73. Ra4 Re1 74. Ra6 Kd4 75. Rxh6 Ke3 76. Ra6 Rd1 77. Ra5
Ke2 78. Rxg5 e3 79. Re5 Kd2 80. g5 e2 81. h4 e1=Q 82. Rxe1 Rxe1 83. Kf3 Kd3 84.
h5 Rf1+ 85. Kg4 Ke4 86. h6 Rg1+ 87. Kh4 Kf5 88. h7 Rh1+ 0-1

[Event "European Blitz 2022"]
[Site "Katowice POL"]
[Date "2022.12.16"]
[Round "5.30"]
[White "Drozdowski, Kacper"]
[Black "Pein, Jonathan"]
[Result "1-0"]
[WhiteTitle "IM"]
[BlackTitle "CM"]
[WhiteElo "2448"]
[BlackElo "2252"]
[WhiteFideId "1136720"]
[BlackFideId "417092"]
[EventDate "2022.12.16"]

1. e4 e5 2. Nf3 d6 3. d4 exd4 4. Nxd4 Nf6 5. Nc3 g6 6. Be2 Bg7 7. O-O O-O 8. Re1
Re8 9. Bf1 b6 10. Bg5 h6 11. Bf4 Bb7 12. f3 Nbd7 13. Qd2 Kh7 14. Rad1 a6 15. b4
Qe7 16. a3 Rad8 17. Nb3 Ne5 18. Nd5 Nxd5 19. exd5 f5 20. c4 Qf7 21. Nd4 Bc8 22.
a4 Bd7 23. Qc2 Re7 24. Bg3 Rde8 25. Bf2 Kg8 26. a5 bxa5 27. bxa5 g5 28. c5 g4
29. f4 Ng6 30. Rxe7 Nxe7 31. cxd6 cxd6 32. Bxa6 Ra8 33. Qd3 h5 34. Nc6 Nxd5 35.
Bb7 Re8 36. Qxd5 Qxd5 37. Rxd5 Rb8 38. Nxb8 1-0

[Event "European Blitz 2022"]
[Site "Katowice POL"]
[Date "2022.12.16"]
[Round "5.31"]
[White "Alexakis, Dimitris"]
[Black "Charkhalashvili, Inga"]
[Result "1-0"]
[WhiteTitle "IM"]
[BlackTitle "WGM"]
[WhiteElo "2486"]
[BlackElo "2273"]
[WhiteFideId "4277023"]
[BlackFideId "13601431"]
[EventDate "2022.12.16"]

1. e4 c6 2. d4 d5 3. Nd2 dxe4 4. Nxe4 Nf6 5. Nxf6+ exf6 6. c3 Bd6 7. Bd3 O-O 8.
Qc2 h6 9. Ne2 c5 10. Be3 Qc7 11. O-O-O Be6 12. Kb1 a6 13. Bh7+ Kh8 14. Be4 cxd4
15. Nxd4 Nc6 16. Nxe6 fxe6 17. Qe2 Be5 18. Bc2 f5 19. g3 Bf6 20. Bc5 Rfe8 21.
Qe3 Rad8 22. Bb6 Rxd1+ 23. Rxd1 Qf7 24. Bb3 Qh5 25. h4 e5 26. Rd7 f4 27. Qe4
fxg3 28. Bc2 Kg8 29. Qh7+ Kf8 30. Qh8# 1-0

[Event "European Blitz 2022"]
[Site "Katowice POL"]
[Date "2022.12.16"]
[Round "5.32"]
[White "Fiedorek, Michal"]
[Black "Sebenik, Matej"]
[Result "0-1"]
[WhiteTitle "FM"]
[BlackTitle "GM"]
[WhiteElo "2303"]
[BlackElo "2538"]
[WhiteFideId "1199528"]
[BlackFideId "14602296"]
[EventDate "2022.12.16"]

1. e4 c5 2. Nf3 Nc6 3. d4 cxd4 4. Nxd4 e5 5. Nb5 d6 6. c4 Be6 7. N1c3 a6 8. Na3
g6 9. Nc2 Bg7 10. Be3 Nf6 11. Be2 O-O 12. O-O Rc8 13. Qd2 Ne7 14. b3 b5 15. Rfd1
bxc4 16. b4 d5 17. exd5 Nfxd5 18. Nxd5 Nxd5 19. Bc5 c3 20. Qe1 Qg5 21. Bxf8 Rxf8
22. Bf3 Nf4 23. g3 Bf5 24. Rac1 Nd3 25. Qe3 Qxe3 26. Nxe3 Nxc1 27. Rxc1 Bd3 28.
Rxc3 e4 29. Ra3 Rb8 30. Nd5 Rb5 31. Nc3 Rxb4 32. Be2 Bxc3 33. Bxd3 exd3 34. Rxc3
Rb1+ 35. Kg2 d2 0-1

[Event "European Blitz 2022"]
[Site "Katowice POL"]
[Date "2022.12.16"]
[Round "5.33"]
[White "Balint, Vilmos"]
[Black "Blohberger, Felix"]
[Result "0-1"]
[WhiteTitle "FM"]
[BlackTitle "GM"]
[WhiteElo "2242"]
[BlackElo "2490"]
[WhiteFideId "718050"]
[BlackFideId "1632051"]
[EventDate "2022.12.16"]

1. e4 c5 2. Nf3 d6 3. d4 cxd4 4. Bb5+ Bd7 5. Bxd7+ Nxd7 6. Nxd4 Ngf6 7. f3 e6 8.
O-O d5 9. Nc3 Bc5 10. Kh1 dxe4 11. fxe4 Ne5 12. Be3 Nc4 13. Bg1 Nxb2 14. Qc1
Bxd4 15. Qxb2 Bxg1 16. Rxg1 O-O 17. Qxb7 Qc8 18. Qb3 Qc5 19. Rgf1 Rab8 20. Na4
Qa5 21. Qa3 Rb4 22. e5 Rxa4 23. Qe7 Nd5 0-1

[Event "European Blitz 2022"]
[Site "Katowice POL"]
[Date "2022.12.16"]
[Round "5.34"]
[White "Stefansson, Hannes"]
[Black "Koziorowicz, Michal"]
[Result "1-0"]
[WhiteTitle "GM"]
[BlackTitle "FM"]
[WhiteElo "2526"]
[BlackElo "2348"]
[WhiteFideId "2300087"]
[BlackFideId "21809194"]
[EventDate "2022.12.16"]

1. e4 c5 2. Nf3 d6 3. Bb5+ Bd7 4. c4 e5 5. Nc3 g6 6. d3 Bg7 7. h4 h5 8. a3 Ne7
9. b4 O-O 10. Rb1 Bg4 11. Ba4 b6 12. Bg5 f6 13. Be3 Nbc6 14. Qd2 Bxf3 15. gxf3
Nd4 16. Bxd4 exd4 17. Ne2 Kh7 18. f4 Bh6 19. Kd1 Rc8 20. Kc2 d5 21. exd5 cxb4
22. Kb3 bxa3 23. Nxd4 Qd6 24. Ne6 Rf7 25. Qb4 Qb8 26. Ka2 Nf5 27. Qd2 Qd6 28.
Bb3 Ng7 29. Rbe1 Re7 30. Re4 Nxe6 31. dxe6 Rd8 32. Rd1 Qc6 33. Qe3 Rd6 34. d4 f5
35. d5 Qb7 36. Re5 Bg7 37. Rg1 Qc8 38. Qg3 Qe8 39. Kxa3 Rd8 40. Ba4 Qf8 41.
Qxg6+ Kg8 42. Ka2 b5 43. Bxb5 Rb7 44. Qg5 Re8 45. Bd7 Re7 46. d6 Qd8 47. Qxe7 1-0

[Event "European Blitz 2022"]
[Site "Katowice POL"]
[Date "2022.12.16"]
[Round "5.35"]
[White "Seo, Jung Min"]
[Black "Zochowski, Kacper"]
[Result "1-0"]
[WhiteTitle "IM"]
[BlackTitle "FM"]
[WhiteElo "2502"]
[BlackElo "2256"]
[WhiteFideId "1734687"]
[BlackFideId "1125494"]
[EventDate "2022.12.16"]

1. e4 d6 2. d4 Nf6 3. Nc3 e5 4. Nf3 Nbd7 5. Rg1 g6 6. g4 Bg7 7. g5 Nh5 8. Be3
O-O 9. Qd2 c6 10. O-O-O Qa5 11. Kb1 b5 12. dxe5 b4 13. Ne2 Nxe5 14. Nxe5 dxe5
15. Nc1 Be6 16. Nb3 Qa4 17. Bd3 Nf4 18. Bxf4 exf4 19. Qxf4 c5 20. e5 Rad8 21.
Bc4 Bxe5 22. Qxe5 Bxc4 23. Qxc5 Be6 24. Qe3 Rc8 25. Rd2 Rfe8 26. Qf3 Rc6 27. Nc1
Rec8 28. Qd1 Qa5 29. Nb3 Qb6 30. Nd4 Rd6 31. Nxe6 Rxd2 32. Qxd2 Qxe6 33. Qxb4
Qe2 34. Rc1 Qxf2 35. h4 Re8 36. b3 Qe2 37. a4 Qe5 38. Qc4 Qb8 39. Rf1 Re7 40.
Kb2 Qe5+ 41. Qc3 Qb8 42. Rf3 Rc7 43. Qd2 Qe8 44. Rd3 Qe5+ 45. c3 Re7 46. Rd8+
Re8 47. Rxe8+ Qxe8 48. Qd4 Qe2+ 49. Ka3 a6 50. Kb4 Qh2 51. Ka5 Qb2 52. b4 Qc1
53. Kxa6 h6 54. gxh6 Qxh6 55. Kb7 Qc1 56. a5 Qh1+ 57. Kb6 Qg2 58. a6 g5 59. hxg5
Qxg5 60. a7 Qg6+ 61. Ka5 Qg2 62. Qd8+ Kg7 63. a8=Q Qa2+ 64. Kb6 Qf2+ 65. Qd4+ 1-0

[Event "European Blitz 2022"]
[Site "Katowice POL"]
[Date "2022.12.16"]
[Round "5.36"]
[White "Abdrlauf, Elham"]
[Black "Dehtiarov, Roman"]
[Result "1-0"]
[WhiteTitle "IM"]
[BlackTitle "FM"]
[WhiteElo "2518"]
[BlackElo "2300"]
[WhiteFideId "1533533"]
[BlackFideId "14186640"]
[EventDate "2022.12.16"]

1. e4 e5 2. Nc3 Nc6 3. Bc4 Nf6 4. d3 Bc5 5. f4 d6 6. Nf3 O-O 7. f5 h6 8. Qe2 a6
9. g4 Nxg4 10. Qg2 Nf6 11. Bxh6 Nh5 12. Bg5 Nf6 13. Nd5 Nxd5 14. Bxd5 Qe8 15.
Bf6 1-0

[Event "European Blitz 2022"]
[Site "Katowice POL"]
[Date "2022.12.16"]
[Round "5.37"]
[White "Aymerich Verdaguer, Eduard"]
[Black "Gavrilescu, David"]
[Result "0-1"]
[WhiteTitle "CM"]
[BlackTitle "IM"]
[WhiteElo "2208"]
[BlackElo "2522"]
[WhiteFideId "32049293"]
[BlackFideId "1227190"]
[EventDate "2022.12.16"]

1. d4 d5 2. c4 e6 3. Nc3 a6 4. cxd5 exd5 5. Qc2 c6 6. Nf3 Bd6 7. Bg5 Ne7 8. e3
f6 9. Bh4 Bf5 10. Bd3 Bxd3 11. Qxd3 Nd7 12. Bg3 Nb6 13. O-O O-O 14. Rfe1 Qd7 15.
Bxd6 Qxd6 16. Rac1 Rae8 17. a3 Qd7 18. e4 Ng6 19. exd5 Nxd5 20. Nxd5 Qxd5 21. g3
Re7 22. Rxe7 Nxe7 23. Qc4 Rd8 24. Qxd5+ Rxd5 25. Re1 Kf7 26. Kf1 Nf5 27. Re4 Rb5
28. b4 a5 29. bxa5 Rxa5 30. g4 Rxa3 31. Ne5+ fxe5 32. gxf5 exd4 33. Rxd4 Kf6 34.
Rd7 Rb3 35. Ke2 b5 36. Rd6+ Kxf5 37. Rxc6 g5 38. Rh6 Ke4 39. Rxh7 Rb2+ 40. Ke1
b4 41. Re7+ Kf3 42. Rf7+ Ke4 43. Rg7 Kd3 44. Rd7+ Kc3 45. Rd5 b3 46. Rxg5 Ra2
47. h4 b2 48. Rb5 Ra1+ 49. Ke2 b1=Q 50. Rxb1 Rxb1 51. Kf3 Kd4 52. Kf4 Rh1 53.
Kg5 Ke5 54. f4+ Ke6 55. h5 Rg1+ 56. Kh6 Kf6 57. Kh7 Rh1 58. h6 Rh2 59. f5 Rh1 0-1

[Event "European Blitz 2022"]
[Site "Katowice POL"]
[Date "2022.12.16"]
[Round "5.38"]
[White "Marczuk, Dominik"]
[Black "Kozak, Antoni"]
[Result "1-0"]
[WhiteTitle "FM"]
[WhiteElo "2253"]
[BlackElo "2422"]
[WhiteFideId "1111264"]
[BlackFideId "21832030"]
[EventDate "2022.12.16"]

1. c4 Nf6 2. g3 d5 3. cxd5 Nxd5 4. Bg2 c5 5. Nc3 Nc7 6. Nf3 Nc6 7. O-O e5 8. d3
Be7 9. Be3 O-O 10. Rc1 b6 11. a3 Rb8 12. Nd2 Bb7 13. Qa4 Qe8 14. b4 cxb4 15.
axb4 Nxb4 16. Qxa7 Bxg2 17. Kxg2 Ncd5 18. Nxd5 Nxd5 19. Nc4 Nxe3+ 20. Nxe3 Bc5
21. Nc4 e4 22. d4 Bxd4 23. Rfd1 Bc5 24. Qc7 Qe6 25. Rd7 Rbc8 26. Qb7 h5 27. Nd2
e3 28. Nf3 exf2 29. Rcd1 Qxe2 30. Rf1 Rb8 31. Qd5 g6 32. Ng5 Rbe8 33. Rxf7 Qxf1+
34. Kxf1 Re1+ 35. Kg2 Rg1+ 36. Kh3 1-0

[Event "European Blitz 2022"]
[Site "Katowice POL"]
[Date "2022.12.16"]
[Round "5.39"]
[White "Samunenkov, Ihor"]
[Black "Polster, Christian"]
[Result "1-0"]
[WhiteTitle "IM"]
[BlackTitle "FM"]
[WhiteElo "2488"]
[BlackElo "2235"]
[WhiteFideId "14187086"]
[BlackFideId "12965081"]
[EventDate "2022.12.16"]

1. d4 d5 2. c4 e6 3. Nf3 c6 4. e3 Nf6 5. Bd3 Bd6 6. b3 O-O 7. O-O Nbd7 8. Bb2 b6
9. Nbd2 Bb7 10. Ne5 c5 11. cxd5 cxd4 12. Nxd7 Nxd7 13. dxe6 Ne5 14. Be4 Bxe4 15.
Nxe4 Bc7 16. Qxd4 Qh4 17. Ng3 Qf6 18. exf7+ Rxf7 19. Rac1 Rd7 20. Qe4 Re8 21.
Rfd1 Rde7 22. Qd5+ Kh8 23. h3 Qg6 24. Bxe5 Bxe5 25. Nf1 Bf6 26. Qc6 Re6 27. Qc4
Re4 28. Qb5 R4e5 29. Qd7 R5e7 30. Qg4 Qf7 31. Rd3 a5 32. Rcd1 h5 33. Qf3 Qg6 34.
Rd5 Be5 35. Rd7 Rxd7 36. Rxd7 h4 37. Qf7 Qxf7 38. Rxf7 Rc8 39. f4 Bf6 40. Rb7
Rc2 41. Rxb6 Rxa2 1-0

[Event "European Blitz 2022"]
[Site "Katowice POL"]
[Date "2022.12.16"]
[Round "5.40"]
[White "Ulasevich, Sergei"]
[Black "Nasuta, Grzegorz"]
[Result "0-1"]
[WhiteTitle "CM"]
[BlackTitle "GM"]
[WhiteElo "2236"]
[BlackElo "2546"]
[WhiteFideId "13505629"]
[BlackFideId "1141686"]
[EventDate "2022.12.16"]

1. e4 c5 2. Nf3 d6 3. Bb5+ Bd7 4. Bxd7+ Nxd7 5. O-O Ngf6 6. Re1 e6 7. c3 Be7 8.
d4 cxd4 9. cxd4 d5 10. e5 Ne4 11. Nbd2 Nxd2 12. Bxd2 O-O 13. Qb3 Qb6 14. Qxb6
Nxb6 15. Bg5 Bxg5 16. Nxg5 Rac8 17. Rac1 Na4 18. b3 Nc3 19. Rc2 Nb5 20. Rec1
Rxc2 21. Rxc2 Nxd4 22. Rc7 f6 23. exf6 gxf6 24. Nf3 Nxf3+ 25. gxf3 Rf7 26. Rc8+
Kg7 27. Kf1 Rd7 28. Ke2 Kg6 29. Ke3 Kf5 30. Rf8 Rc7 31. Kd2 Ke5 32. f4+ Kf5 33.
a3 a6 34. a4 Rg7 35. Ke3 Rd7 36. Kd3 Rc7 37. Kd2 h5 38. h4 Rg7 39. Ke3 Rd7 40.
Kd3 a5 41. Kd2 Rg7 42. Ke3 Rd7 43. Kd3 d4 44. f3 Rd6 45. Rf7 b6 46. Rf8 Rd7 47.
Kd2 d3 48. Rh8 Kxf4 49. Rxh5 e5 50. Rh8 Kxf3 51. h5 e4 52. Re8 f5 53. h6 f4 54.
Rg8 e3+ 55. Ke1 Rc7 0-1

[Event "European Blitz 2022"]
[Site "Katowice POL"]
[Date "2022.12.16"]
[Round "5.41"]
[White "Krzyzanowski, Marcin"]
[Black "Marie, Maxime"]
[Result "1-0"]
[WhiteTitle "GM"]
[BlackTitle "CM"]
[WhiteElo "2538"]
[BlackElo "2175"]
[WhiteFideId "1132199"]
[BlackFideId "625590"]
[EventDate "2022.12.16"]

1. Nf3 d5 2. d4 Nf6 3. Bf4 e6 4. e3 Bd6 5. Nbd2 O-O 6. c3 b6 7. Bd3 Ba6 8. Bxa6
Nxa6 9. Qe2 Nb8 10. Ne5 c5 11. h4 Qc7 12. h5 Nc6 13. h6 g6 14. Ndf3 Ne4 15. Nxc6
Qxc6 16. Ne5 Qc7 17. f3 Nf6 18. O-O-O Nd7 19. Nxd7 Qxd7 20. Kb1 cxd4 21. Bxd6
Qxd6 22. exd4 f6 23. Rd3 Kf7 24. Re3 Rfe8 25. g4 Rac8 26. Re1 Rc6 27. Qb5 Re7
28. a4 Rc4 29. g5 f5 30. Re5 Qc6 31. Qxc6 Rxc6 32. Kc2 Rec7 33. Kb3 a6 34. R5e2
Ke7 35. Ra1 Kd7 36. Kc2 Rc4 37. Kd3 R4c6 38. Rc2 Kd6 39. f4 Rc4 40. b3 R4c6 41.
c4 Rc8 42. Rac1 R8c7 43. a5 bxa5 44. c5+ Kd7 45. Ra1 Rb7 46. Kc3 Rb5 47. Rca2 e5
48. fxe5 f4 49. Rf1 Ke6 50. Rxf4 Rc7 51. Rf6+ Ke7 52. Rxa6 Rcb7 53. Ra3 1-0

[Event "European Blitz 2022"]
[Site "Katowice POL"]
[Date "2022.12.16"]
[Round "5.42"]
[White "Costachi, Mihnea"]
[Black "Kovalevsky, Stanislav"]
[Result "1-0"]
[WhiteTitle "IM"]
[BlackTitle "FM"]
[WhiteElo "2476"]
[BlackElo "2237"]
[WhiteFideId "1217518"]
[BlackFideId "13508598"]
[EventDate "2022.12.16"]

1. d4 e6 2. c4 Nf6 3. Nf3 d5 4. Nc3 Nbd7 5. cxd5 exd5 6. Bg5 Be7 7. Qc2 c6 8. e3
Ne4 9. Bf4 f5 10. Bd3 O-O 11. O-O g5 12. Be5 Bf6 13. Bxf6 Qxf6 14. Nd2 Re8 15.
Rae1 Nf8 16. f3 Nd6 17. Nb3 a5 18. e4 a4 19. Nxa4 Rxa4 20. e5 Qg7 21. exd6 Rxe1
22. Rxe1 Qf6 23. Kh1 Bd7 24. Nc5 Rxd4 25. Nxd7 Nxd7 26. Bxf5 Qxd6 27. Bxd7 Qxd7
28. Qc3 Rc4 29. Qf6 Rc2 30. Qxg5+ Kf7 31. Qh5+ Kg8 32. Re8+ Kg7 33. Qg5+ Kf7 34.
Qg8+ Kf6 35. Qf8+ Qf7 36. Qd6+ Kg7 37. Qe5+ Kg6 38. Re6+ Qxe6 1-0

[Event "European Blitz 2022"]
[Site "Katowice POL"]
[Date "2022.12.16"]
[Round "5.43"]
[White "Wieczorek, Oskar"]
[Black "Reza, Wojciech"]
[Result "1-0"]
[WhiteTitle "GM"]
[BlackTitle "FM"]
[WhiteElo "2504"]
[BlackElo "2290"]
[WhiteFideId "1133950"]
[BlackFideId "1151967"]
[EventDate "2022.12.16"]

1. e4 e5 2. Nf3 Nc6 3. Nc3 Nf6 4. h3 Bb4 5. Nd5 Bd6 6. c3 Nxe4 7. d4 Nf6 8. Bg5
Be7 9. Bxf6 Bxf6 10. dxe5 Nxe5 11. Nxe5 Bxe5 12. Bd3 d6 13. Qf3 O-O 14. O-O-O c6
15. Ne3 Qf6 16. Qe2 Be6 17. Kb1 g6 18. g3 d5 19. f4 Bc7 20. f5 Bd7 21. Ng4 Qd6
22. Qe3 Qxg3 23. Qxg3 Bxg3 24. Nf6+ Kg7 25. Nxd7 Rfe8 26. Rhf1 Rad8 27. Nc5 b6
28. Na6 c5 29. Bb5 Re5 30. f6+ Kg8 31. c4 d4 32. Nc7 Re3 33. Nd5 Re6 34. Rf3 Be5
35. a4 h5 36. a5 Rdd6 37. axb6 axb6 38. Rdf1 d3 39. Rxd3 Bxf6 40. Rdf3 Kg7 41.
Ba6 g5 42. Bc8 g4 43. hxg4 hxg4 44. Rg3 Re4 45. Rxg4+ Rxg4 46. Bxg4 Bd4 47. Bh5
f6 48. Bf3 Re6 49. Kc2 Re5 50. b3 Rg5 51. Kd3 Rg3 52. Nxb6 f5 53. Nd5 Kg6 54. b4
Kg5 55. b5 Rh3 56. b6 Rh7 57. Rb1 Rb7 58. Nc7 Rb8 59. Ne6+ Kf6 60. Nxd4 Ra8 1-0

[Event "European Blitz 2022"]
[Site "Katowice POL"]
[Date "2022.12.16"]
[Round "5.44"]
[White "Plichta, Kamil"]
[Black "Varvadoukas, Theodoros"]
[Result "1-0"]
[WhiteTitle "FM"]
[WhiteElo "2394"]
[BlackElo "2109"]
[WhiteFideId "1141830"]
[BlackFideId "4210735"]
[EventDate "2022.12.16"]

1. d4 d5 2. c4 e6 3. Nc3 Nf6 4. Nf3 Be7 5. Bf4 O-O 6. c5 Nh5 7. e3 Nxf4 8. exf4
b6 9. b4 a5 10. a3 Bd7 11. Bd3 Be8 12. O-O Nd7 13. Re1 Nf6 14. Ne5 Qb8 15. Qc2
h6 16. f5 axb4 17. axb4 Rxa1 18. Rxa1 exf5 19. Bxf5 bxc5 20. bxc5 Qb4 21. Nf3
Bc6 22. Rb1 Qa5 23. Ne5 Ba8 24. c6 Re8 25. h3 Bd6 26. Bd7 Bxe5 27. dxe5 Nxd7 28.
cxd7 Rd8 29. e6 fxe6 30. Qg6 Bc6 31. Qxe6+ Kh8 32. Qxc6 d4 33. Nd5 d3 34. Qxc7
Qxc7 35. Nxc7 Rxd7 36. Ne6 d2 37. Rb8+ Kh7 38. Nf8+ 1-0

[Event "European Blitz 2022"]
[Site "Katowice POL"]
[Date "2022.12.16"]
[Round "5.45"]
[White "Kracht, Raphael"]
[Black "Petrovskyi, Vadym"]
[Result "1/2-1/2"]
[BlackTitle "FM"]
[WhiteElo "2124"]
[BlackElo "2402"]
[WhiteFideId "16214382"]
[BlackFideId "14165210"]
[EventDate "2022.12.16"]

1. e4 c5 2. d4 cxd4 3. c3 d5 4. exd5 Qxd5 5. cxd4 Nc6 6. Nf3 e6 7. Nc3 Qd8 8.
Bd3 Nf6 9. O-O Be7 10. Re1 O-O 11. Bc2 Nb4 12. Bb1 b6 13. a3 Nbd5 14. Ne5 Bb7
15. Qd3 Rc8 16. Bg5 g6 17. Ba2 Nxc3 18. bxc3 Nd5 19. Bd2 Bg5 20. Rac1 a6 21. c4
Nf4 22. Bxf4 Bxf4 23. Rcd1 Qd6 24. Qe2 Rcd8 25. Rd3 Qc7 26. g3 Bh6 27. f4 Bg7
28. Rc1 Ba8 29. Rcd1 Qb7 30. Kf2 b5 31. c5 Qc7 32. Bb1 Bd5 33. Ba2 Bxa2 34. Qxa2
Rd5 35. Qe2 Rfd8 36. Qe3 h5 37. Nf3 a5 38. Rb1 Qc6 39. Ne5 Qe8 40. c6 Bxe5 41.
fxe5 Qxc6 42. Rc1 Qd7 43. Rcd1 b4 44. axb4 axb4 45. h4 Qb5 46. Qf3 Qc4 47. Qe3
Qc7 48. Kg2 Qc6 49. Kh3 Qc4 50. Rb3 Rxd4 51. Rxd4 Qxd4 52. Qxd4 Rxd4 53. Re3 Rd2
54. g4 hxg4+ 55. Kxg4 Kg7 56. Kf4 Rd4+ 57. Kg5 Rd2 58. Kg4 Rf2 59. Kg3 Rf5 60.
Kg4 Kh6 61. Re1 Rf2 62. Re3 Rg2+ 63. Kh3 Rf2 64. Kg3 Rf1 65. Kg4 Rg1+ 66. Kh3
Kh5 67. Rf3 Rh1+ 68. Kg3 Rxh4 69. Rxf7 Re4 70. Re7 Rxe5 71. Kf4 Rf5+ 72. Ke4 Rf1
73. Rxe6 Re1+ 1/2-1/2